00436cam a22000977a 4500008004000000082001600040245018300056260005000239300001000289700003900299180718b1963 xxu||||| |||| 00| 0 eng d aK32x42 Un3h aReport of teh committee of inquiry into the recruitment, training and promation of adminstrative and clerical staff in the hospital servicecby Ministry of Health, United Kingdom aLondonbHer Majesty's Stationery Officec1963 a64+p. aUnited Kingdom. Ministry of Health